000 00564nam a2200181Ia 4500
008 090630s9999 xx 000 0 und d
082 _b12221
100 _aकदम प्रकाश.
245 _aशह प्रतिशह.
_cकदम प्रकाश.
260 _bश्रध्दा.
_c1992
300 _a132
600 _aकदम प्रकाश.
630 _aशह प्रतिशह.
655 _aकादंबरी.
700 _aकदम प्रकाश.
730 _aशह प्रतिशह.
942 _cBOOK
999 _c264077
_d264077